Normal view
MARC view
- Sutro, Alfred
Entry Personal Name
001 - CONTROL NUMBER
- control field: 49869
003 - CONTROL NUMBER IDENTIFIER
- control field: NUST
005 - DATE AND TIME OF LATEST TRANSACTION
- control field: 20210314134447.0
008 - FIXED-LENGTH DATA ELEMENTS
- fixed length control field: 210314|| aca||aabn | a|a d
040 ## - CATALOGING SOURCE
- Original cataloging agency: NUST
- Transcribing agency: NUST
100 ## - HEADING--PERSONAL NAME
- Personal name: Sutro, Alfred
670 ## - SOURCE DATA FOUND
- Source citation: Work cat.: (NUST): Maeterlinck, Maurice, 49867, The life of the bee, 1901.
